[Event "Adelaide Interclub-A"]
[Site "Adelaide"]
[Date "2008.06.10"]
[Round "7.1"]
[White "Kerr, Bill"]
[Black "Riches, L John"]
[Result "1-0"]
[WhiteElo "1958"]
[BlackElo "1690"]
[PlyCount "43"]
[EventDate "2008.04.29"]
[EventType "team-tourn"]
[EventRounds "9"]
[EventCountry "AUS"]
[SourceTitle "EXT 2010"]
[Source "ChessBase"]
[SourceDate "2010.11.25"]
[SourceVersion "1"]
[SourceVersionDate "2010.11.25"]
[SourceQuality "1"]

1. d4 Nf6 2. Bg5 d6 3. Bxf6 gxf6 4. c4 Bf5 5. Nc3 Nd7 6. e4 Bg6 7. Nge2 f5 8. h4 h5 9. exf5 Bxf5 10. Ng3 Bg6 11. Bd3 e6 12. Bxg6 fxg6 13. Qd3 Rg8 14. Qe4 Qe7 15. Qxb7 Rb8 16. Qxc7 Rxb2 17. 0-0 Qxh4 18. Rfe1 e5 19. dxe5 Nxe5 20. Nb5 Qe7 21. Nxd6+ Qxd6 22. Rxe5+ 1-0

[Event "Adelaide Interclub-A"]
[Site "Adelaide"]
[Date "2002.05.28"]
[Round "4.2"]
[White "Thiyagarajah, Anand"]
[Black "Riches, L John"]
[Result "0-1"]
[WhiteElo "1552"]
[BlackElo "1810"]
[PlyCount "70"]
[EventDate "2002.05.07"]
[EventType "team-tourn"]
[EventRounds "9"]
[EventCountry "AUS"]
[SourceTitle "EXT 2023"]
[Source "ChessBase"]
[SourceDate "2022.10.05"]
[SourceVersion "1"]
[SourceVersionDate "2022.10.05"]
[SourceQuality "1"]

1. e4 c6 2. d4 d5 3. e5 Bf5 4. Bd3 Bxd3 5. Qxd3 e6 6. Nf3 Qa5+ 7. c3 Qa6 8. Qc2 c5 9. Be3 cxd4 10. cxd4 Nc6 11. Nc3 Rc8 12. a3 h5 13. Rc1 Nh6 14. Ne2 b5 15. 0-0 b4 16. a4 Kd7 17. Bxh6 Rxh6 18. Ng5 Nxd4 19. Nxd4 Rxc2 20. Rxc2 Be7 21. Nxf7 Qd3 22. Nxh6 gxh6 23. Rfc1 Qxd4 24. Rc7+ Ke8 25. b3 Bd8 26. Rh7 Qxe5 27. Rxa7 d4 28. Kf1 d3 29. Re1 Qd6 30. g3 d2 31. Rd1 Bb6 32. Ra8+ Kf7 33. a5 Qd3+ 34. Kg2 Qd5+ 35. f3 Bxa5 0-1

[Event "South Australia-ch"]
[Site "Adelaide"]
[Date "2002.03.19"]
[Round "6"]
[White "Riches, L John"]
[Black "Wedding, Robin"]
[Result "0-1"]
[WhiteElo "1862"]
[BlackElo "1779"]
[PlyCount "66"]
[EventDate "2002.01.12"]
[EventType "tourn"]
[EventRounds "7"]
[EventCountry "AUS"]
[SourceTitle "EXT 2023"]
[Source "ChessBase"]
[SourceDate "2022.10.05"]
[SourceVersion "1"]
[SourceVersionDate "2022.10.05"]
[SourceQuality "1"]

1. d4 f5 2. Bg5 h6 3. Bh4 g5 4. Bg3 Bg7 5. e3 c5 6. c3 cxd4 7. cxd4 Qb6 8. Qc2 Nc6 9. Nc3 f4 10. Bc4 Nb4 11. Qb3 fxg3 12. fxg3 Nf6 13. Bf7+ Kd8 14. 0-0-0 e6 15. e4 Rf8 16. Bg6 Ng4 17. Nh3 Ne3 18. Rd2 Nc6 19. Nb5 Nxd4 20. Qxe3 Qxb5 21. Nf2 a5 22. h4 Ra6 23. Nd3 gxh4 24. g4 Qg5 25. Qe1 Rb6 26. Bh5 Rxb2 27. Nxb2 Nb5 28. Qxh4 Rf1+ 29. Nd1 Bb2+ 30. Kxb2 Rxh1 31. Qxh1 Qxd2+ 32. Kb1 Na3+ 33. Ka1 Qc1# 0-1

[Event "South Australia-ch"]
[Site "Adelaide"]
[Date "2002.02.26"]
[Round "3"]
[White "Cowley, Robert"]
[Black "Riches, L John"]
[Result "1-0"]
[WhiteElo "2072"]
[BlackElo "1862"]
[PlyCount "119"]
[EventDate "2002.01.12"]
[EventType "tourn"]
[EventRounds "7"]
[EventCountry "AUS"]
[SourceTitle "EXT 2023"]
[Source "ChessBase"]
[SourceDate "2022.10.05"]
[SourceVersion "1"]
[SourceVersionDate "2022.10.05"]
[SourceQuality "1"]

1. d4 d5 2. Nf3 Nd7 3. c4 dxc4 4. Qa4 Ngf6 5. Nc3 e6 6. e4 c6 7. Qxc4 Be7 8. Be2 0-0 9. 0-0 c5 10. dxc5 Bxc5 11. e5 Ne8 12. Ne4 Qe7 13. Bg5 f6 14. exf6 gxf6 15. Nxc5 Nxc5 16. Be3 b6 17. Bxc5 bxc5 18. Rac1 Nd6 19. Qxc5 Bb7 20. Qc7 Rf7 21. Qxe7 Rxe7 22. Rfd1 Bd5 23. b3 Rg7 24. Kf1 a5 25. Bc4 Nxc4 26. bxc4 Bxf3 27. gxf3 Rc7 28. Rd6 Kf7 29. Rc3 Rac8 30. Ra6 Rxc4 31. Rxc4 Rxc4 32. Rxa5 Rc2 33. Ra7+ Kg6 34. a4 h5 35. Rb7 Ra2 36. Rb4 e5 37. f4 exf4 38. Rxf4 Kg5 39. Rb4 f5 40. h4+ Kf6 41. Kg2 Ke5 42. Kg3 Ra1 43. Rb5+ Ke4 44. f3+ Ke3 45. Re5+ Kd4 46. Rxf5 Ke3 47. Re5+ Kd3 48. a5 Ra4 49. Rxh5 Kd4 50. f4 Ra1 51. Re5 Rg1+ 52. Kf3 Rh1 53. h5 Rg1 54. a6 Ra1 55. Re6 Rf1+ 56. Kg4 Rg1+ 57. Kf5 Kd5 58. Re5+ Kd6 59. Ra5 Rh1 60. Kf6 1-0